[Event "Online Olym Div4 B"]
[Site "Chess.com INT"]
[Date "2021.08.21"]
[Round "4.4"]
[White "Eichab, Charles Sidney"]
[Black "Matola, Ernest"]
[Result "0-1"]
[WhiteElo "2029"]
[BlackElo "1950"]
[PlyCount "84"]
[EventDate "2021.08.20"]
[EventType "team (rapid)"]
[EventRounds "11"]
[EventCountry "USA"]
[SourceTitle "CBM 203 Extra"]
[Source "ChessBase"]
[SourceDate "2021.09.30"]
[SourceVersion "1"]
[SourceVersionDate "2021.09.30"]
[SourceQuality "1"]
[WhiteTeam "Namibia"]
[BlackTeam "Malawi"]
[WhiteTeamCountry "NAM"]
[BlackTeamCountry "MWI"]

1. c4 Nf6 2. Nf3 g6 3. g3 Bg7 4. Bg2 0-0 5. 0-0 d6 6. Nc3 Nbd7 7. d3 e5 8. Bd2 c6 9. Rb1 a5 10. a3 Qc7 11. b4 b6 12. b5 Bb7 13. bxc6 Bxc6 14. Nb5 Bxb5 15. Rxb5 Rac8 16. Qa1 Rfe8 17. Qa2 h5 18. Ng5 Re7 19. f4 exf4 20. Bxf4 Rce8 21. e4 Ne5 22. Qb3 Nfd7 23. Be3 Ng4 24. Bf2 Nxf2 25. Kxf2 Bd4+ 26. Ke2 Nc5 27. Qc2 Bg7 28. Kd1 a4 29. Rb4 Rf8 30. Bh3 Qd8 31. Nf3 Ra7 32. Re1 Qf6 33. Rxb6 Qxf3+ 34. Re2 Nb3 35. Bg2 Qf6 36. e5 Qf5 37. Rxd6 Bxe5 38. Rd5 Re7 39. Be4 Qf6 40. Qb1 Nd4 41. Re1 Rb8 42. Qxb8+ Bxb8 0-1

[Event "African-ch rapid"]
[Site "Casablanca"]
[Date "2019.08.27"]
[Round "8"]
[White "Eichab, Charles Sidney"]
[Black "Khetho, Phemelo"]
[Result "0-1"]
[WhiteElo "2016"]
[BlackElo "2178"]
[PlyCount "96"]
[EventDate "2019.08.26"]
[EventType "swiss (rapid)"]
[EventRounds "9"]
[EventCountry "MAR"]
[SourceTitle "EXT 2020"]
[Source "ChessBase"]
[SourceDate "2019.10.17"]
[SourceVersion "1"]
[SourceVersionDate "2019.10.17"]
[SourceQuality "1"]

1. b3 Nf6 2. Bb2 d6 3. d4 g6 4. g3 Bg7 5. Bg2 0-0 6. Nd2 c5 7. dxc5 dxc5 8. Ngf3 Nc6 9. 0-0 Bf5 10. Ne5 Nxe5 11. Bxe5 Qc8 12. e4 Bg4 13. f3 Bh3 14. Qe2 Bxg2 15. Kxg2 Rd8 16. Nc4 Qc6 17. Rad1 b5 18. Ne3 a6 19. Rxd8+ Rxd8 20. Rd1 Rxd1 21. Qxd1 Ne8 22. Bxg7 Kxg7 23. Qd5 Qxd5 24. exd5 Nd6 25. c4 f5 26. Kf2 Kf6 27. Ke2 g5 28. f4 gxf4 29. gxf4 Ne4 30. cxb5 axb5 31. Kd3 e5 32. Ng4+ fxg4 33. Kxe4 exf4 34. Kxf4 h5 35. a4 c4 36. a5 cxb3 37. a6 b2 38. a7 b1Q 39. a8Q Qc1+ 40. Ke4 Qc2+ 41. Kd4 Qc4+ 42. Ke3 Qc3+ 43. Ke4 Qe5+ 44. Kd3 Qxh2 45. Qc6+ Kg5 46. d6 Qg3+ 47. Kd2 Qf4+ 48. Ke2 Qf3+ 0-1

[Event "African-ch rapid"]
[Site "Casablanca"]
[Date "2019.08.27"]
[Round "6"]
[White "Eichab, Charles Sidney"]
[Black "Kouya, Tyeoulou Bernardin"]
[Result "1-0"]
[WhiteElo "2016"]
[BlackElo "1770"]
[PlyCount "45"]
[EventDate "2019.08.26"]
[EventType "swiss (rapid)"]
[EventRounds "9"]
[EventCountry "MAR"]
[SourceTitle "EXT 2020"]
[Source "ChessBase"]
[SourceDate "2019.10.17"]
[SourceVersion "1"]
[SourceVersionDate "2019.10.17"]
[SourceQuality "1"]

1. b3 d5 2. e3 Nf6 3. Bb2 e6 4. f4 Be7 5. Nf3 h6 6. Be2 0-0 7. 0-0 c5 8. Ne5 Nbd7 9. d3 Qc7 10. Nd2 b6 11. Qe1 Kh7 12. Qg3 Bb7 13. Ndf3 Nh5 14. Qh3 g6 15. g4 Ng7 16. Nxd7 Qxd7 17. Ng5+ Bxg5 18. fxg5 h5 19. gxh5 Rh8 20. hxg6+ Kg8 21. gxf7+ Qxf7 22. Qxh8+ Kxh8 23. Rxf7 1-0

[Event "African-ch rapid"]
[Site "Casablanca"]
[Date "2019.08.26"]
[Round "1"]
[White "Arab, Adlane"]
[Black "Eichab, Charles Sidney"]
[Result "1-0"]
[WhiteElo "2485"]
[BlackElo "2016"]
[PlyCount "52"]
[EventDate "2019.08.26"]
[EventType "swiss (rapid)"]
[EventRounds "9"]
[EventCountry "MAR"]
[SourceTitle "EXT 2020"]
[Source "ChessBase"]
[SourceDate "2019.10.17"]
[SourceVersion "1"]
[SourceVersionDate "2019.10.17"]
[SourceQuality "1"]

1. d4 Nf6 2. c4 e6 3. Nf3 b6 4. g3 Bb7 5. Bg2 Be7 6. 0-0 0-0 7. d5 exd5 8. Nh4 c6 9. cxd5 cxd5 10. Nf5 Na6 11. Nc3 Nc5 12. Bg5 h6 13. Bf4 Re8 14. Nb5 Ne6 15. Nxe7+ Rxe7 16. Be5 Bc6 17. Bxf6 gxf6 18. Nd6 Ng7 19. Bxd5 Qc7 20. Rc1 Rf8 21. Qd2 Re5 22. e4 h5 23. Nc4 Re7 24. Ne3 Qb7 25. Qd4 Bxd5 26. Nxd5 Re5 1-0

[Event "Africa-chT rapid"]
[Site "Casablanca"]
[Date "2019.08.24"]
[Round "1.2"]
[White "Tissir, Mohamed"]
[Black "Eichab, Charles Sidney"]
[Result "1-0"]
[WhiteElo "2379"]
[BlackElo "2016"]
[PlyCount "50"]
[EventDate "2019.08.24"]
[EventType "team-swiss (rapid)"]
[EventRounds "9"]
[EventCountry "MAR"]
[SourceTitle "EXT 2020"]
[Source "ChessBase"]
[SourceDate "2019.10.17"]
[SourceVersion "1"]
[SourceVersionDate "2019.10.17"]
[SourceQuality "1"]
[WhiteTeam "Morocco"]
[BlackTeam "Namibia"]
[WhiteTeamCountry "MAR"]
[BlackTeamCountry "NAM"]

1. e4 e6 2. Qe2 d5 3. exd5 Qxd5 4. Nc3 Qd8 5. Nf3 Nf6 6. d4 b6 7. Bg5 Bb7 8. 0-0-0 c6 9. Ne5 Be7 10. h4 b5 11. Nxb5 Qa5 12. Nc3 Nd5 13. Nxd5 cxd5 14. Kb1 a6 15. Rh3 Nc6 16. Bxe7 Kxe7 17. Rb3 Qc7 18. f4 g6 19. Qg4 Nxe5 20. fxe5 Rhb8 21. h5 Bc6 22. Qg5+ Kf8 23. Rc3 Qb7 24. b3 Kg8 25. Qf6 Qa7 1-0

[Event "Africa-ch U2300 op"]
[Site "Windhoek"]
[Date "2019.01.03"]
[Round "6.6"]
[White "Eichab, Charles Sidney"]
[Black "Beukes, Dante M"]
[Result "1-0"]
[WhiteElo "2002"]
[BlackElo "2162"]
[PlyCount "61"]
[EventDate "2018.12.31"]
[EventType "swiss"]
[EventRounds "9"]
[EventCountry "NAM"]
[SourceTitle "EXT 2024"]
[Source "ChessBase"]
[SourceDate "2023.10.10"]
[SourceVersion "1"]
[SourceVersionDate "2023.10.10"]
[SourceQuality "1"]

1. e4 c5 2. Nf3 g6 3. g3 Nc6 4. Bg2 Bg7 5. 0-0 e6 6. Nc3 Nge7 7. d3 0-0 8. Be3 b6 9. d4 d6 10. Qd2 Ba6 11. Rfe1 Na5 12. b3 Rc8 13. Rac1 Qc7 14. Nd1 cxd4 15. Nxd4 Nac6 16. Nxc6 Nxc6 17. c4 Ne5 18. h3 b5 19. f4 Nd7 20. Nb2 Bxb2 21. Qxb2 bxc4 22. Qc3 Bb5 23. Qb4 Ba6 24. Red1 Nc5 25. bxc4 Rb8 26. Qa3 Rfc8 27. Kh2 Bb7 28. e5 dxe5 29. Bxc5 Qxc5 30. Rd8+ Rxd8 31. Qxc5 1-0

[Event "Africa-ch"]
[Site "Livingstone"]
[Date "2018.05.18"]
[Round "6"]
[White "Hoareau, Benjamin"]
[Black "Eichab, Charles Sidney"]
[Result "1-0"]
[WhiteElo "1805"]
[BlackElo "2029"]
[PlyCount "73"]
[EventDate "2018.05.13"]
[EventType "swiss"]
[EventRounds "9"]
[EventCountry "ZAM"]
[SourceTitle "CBM 184 Extra"]
[Source "ChessBase"]
[SourceDate "2018.06.28"]
[SourceVersion "1"]
[SourceVersionDate "2018.06.28"]
[SourceQuality "1"]

1. c4 f5 2. Nc3 Nf6 3. Nf3 e6 4. g3 Be7 5. Bg2 0-0 6. d4 d6 7. 0-0 a5 8. Re1 Ne4 9. Qb3 Nxc3 10. bxc3 a4 11. Qc2 Nc6 12. e4 e5 13. exf5 Bxf5 14. Qb2 exd4 15. Qxb7 Na5 16. Qd5+ Kh8 17. Nxd4 c6 18. Nxc6 Nxc6 19. Qxc6 Bf6 20. Re3 Qa5 21. Qb5 Qxb5 22. cxb5 Rab8 23. Bc6 Rfd8 24. Ba3 d5 25. Bc5 d4 26. cxd4 Bxd4 27. Bxd4 Rxd4 28. Rae1 h6 29. Re8+ Rxe8 30. Rxe8+ Kh7 31. b6 Bh3 32. Re1 Rb4 33. b7 Bf5 34. h3 Rb2 35. g4 Bg6 36. Rd1 Bf7 37. Rd8 1-0

[Event "Olympiad-41"]
[Site "Tromsoe"]
[Date "2014.08.04"]
[Round "3.2"]
[White "Eichab, Charles Sidney"]
[Black "Mehmeti, Dritan"]
[Result "0-1"]
[WhiteElo "2048"]
[BlackElo "2416"]
[PlyCount "24"]
[EventDate "2014.08.02"]
[EventType "team-swiss"]
[EventRounds "11"]
[EventCountry "NOR"]
[SourceTitle "CBM 162"]
[Source "ChessBase"]
[SourceDate "2014.09.17"]
[SourceVersion "1"]
[SourceVersionDate "2014.09.17"]
[SourceQuality "1"]
[WhiteTeam "Namibia"]
[BlackTeam "Albania"]
[WhiteTeamCountry "NAM"]
[BlackTeamCountry "ALB"]

1. f4 e5 2. fxe5 d6 3. exd6 Bxd6 4. Nf3 g5 5. g3 g4 6. Nh4 Ne7 7. e4 Nbc6 8. Be2 Ng6 9. Nxg6 hxg6 10. 0-0 Bc5+ 11. d4 Qxd4+ 12. Kh1 Rxh2+ 0-1

[Event "Olympiad-41"]
[Site "Tromsoe"]
[Date "2014.08.02"]
[Round "1.2"]
[White "Nguyen, Duc Hoa"]
[Black "Eichab, Charles Sidney"]
[Result "1-0"]
[WhiteElo "2501"]
[BlackElo "2048"]
[PlyCount "61"]
[EventDate "2014.08.02"]
[EventType "team-swiss"]
[EventRounds "11"]
[EventCountry "NOR"]
[SourceTitle "CBM 162"]
[Source "ChessBase"]
[SourceDate "2014.09.17"]
[SourceVersion "1"]
[SourceVersionDate "2014.09.17"]
[SourceQuality "1"]
[WhiteTeam "Vietnam"]
[BlackTeam "Namibia"]
[WhiteTeamCountry "VIE"]
[BlackTeamCountry "NAM"]

1. e4 d5 2. exd5 Qxd5 3. Nc3 Qd6 4. d4 Nf6 5. Nf3 Bf5 6. Bd3 Bxd3 7. Qxd3 c6 8. Ne5 e6 9. Bf4 Nh5 10. Bd2 Nd7 11. Nc4 Qc7 12. Qf3 Nhf6 13. Bf4 Qd8 14. 0-0-0 Nb6 15. Na5 Qd7 16. Be5 0-0-0 17. Bxf6 gxf6 18. Qxf6 Bb4 19. Nb3 Bxc3 20. bxc3 Na4 21. Nc5 Nxc5 22. dxc5 Qc7 23. Rd6 b6 24. Rhd1 bxc5 25. Rxd8+ Rxd8 26. Rxd8+ Qxd8 27. Qxf7 Qg5+ 28. Kb2 Qxg2 29. Qxe6+ Kb7 30. f4 Qxh2 31. f5 1-0

[Event "Windhoek zt 4.3"]
[Site "Windhoek"]
[Date "2014.06.25"]
[Round "5"]
[White "Do Santos Julio, Joao Manuel"]
[Black "Eichab, Charles Sidney"]
[Result "1/2-1/2"]
[WhiteElo "2091"]
[BlackElo "2060"]
[PlyCount "35"]
[EventDate "2014.06.23"]
[EventType "swiss"]
[EventRounds "9"]
[EventCountry "NAM"]
[SourceTitle "EXT 2015"]
[Source "ChessBase"]
[SourceDate "2014.11.20"]
[SourceVersion "1"]
[SourceVersionDate "2014.11.20"]
[SourceQuality "1"]

1. e4 e6 2. d4 d5 3. exd5 exd5 4. Bd3 Nf6 5. h3 c5 6. dxc5 Bxc5 7. Nf3 0-0 8. 0-0 Ne4 9. c3 Qb6 10. Qc2 Re8 11. Bf4 Qf6 12. Qc1 Qb6 13. Be3 Bxe3 14. fxe3 Qh6 15. Re1 Nc6 16. Nbd2 Bxh3 17. Nxe4 dxe4 18. Bxe4 1/2-1/2

[Event "Olympiad-40"]
[Site "Istanbul"]
[Date "2012.09.09"]
[Round "11.1"]
[White "Eichab, Charles Sidney"]
[Black "Tarlabasi, Emirhan"]
[Result "1-0"]
[WhiteElo "2034"]
[BlackElo "1740"]
[PlyCount "57"]
[EventDate "2012.08.28"]
[EventType "team-swiss"]
[EventRounds "11"]
[EventCountry "TUR"]
[SourceTitle "CBM 151"]
[Source "ChessBase"]
[SourceDate "2012.11.13"]
[SourceVersion "1"]
[SourceVersionDate "2012.11.13"]
[SourceQuality "1"]
[WhiteTeam "Namibia"]
[BlackTeam "Turkey 2023"]
[WhiteTeamCountry "NAM"]
[BlackTeamCountry "TUR"]

1. e4 c5 2. Nf3 Nc6 3. Bb5 g6 4. 0-0 Bg7 5. Bxc6 bxc6 6. Re1 d5 7. d3 e6 8. Nc3 Ne7 9. Qd2 Qa5 10. h3 h5 11. exd5 cxd5 12. Qg5 f6 13. Qg3 e5 14. Bd2 Qd8 15. Nh4 Kf7 16. f4 exf4 17. Bxf4 g5 18. Bxg5 fxg5 19. Qxg5 Bd4+ 20. Kh1 Bf6 21. Rf1 Qd6 22. Rf2 Bb7 23. Raf1 Ng8 24. Qg6+ Kf8 25. Rxf6+ Nxf6 26. Rxf6+ Qxf6 27. Qxf6+ Kg8 28. Qe6+ Kf8 29. Ng6+ 1-0